The hand book of cometency mapping : (Record no. 104594)

MARC details
000 -LEADER
fixed length control field 00701nam a22002057a 4500
005 - DATE AND TIME OF LATEST TRANSACTION
control field 20170322141509.0
010 ## - LCCN (DPL NO)
LC control number ENG-116527
020 ## - INTERNATIONAL STANDARD BOOK NUMBER
International Standard Book Number 9789385985157
Terms of availability 550.00
035 ## - SYSTEM CONTROL NUMBER
System control number EN-100059
037 ## - SOURCE OF ACQUISITION
Source of stock number/acquisition DBAD/PUB
082 ## - DEWEY DECIMAL CLASSIFICATION NUMBER
Classification number 658.4012
100 ## - MAIN ENTRY--PERSONAL NAME
Personal name Sanghi, Seema
245 ## - TITLE STATEMENT
Title The hand book of cometency mapping :
Statement of responsibility, etc by Seema Sanghi
Remainder of title understanding, desiging and implementing competency model in organizations /
250 ## - EDITION STATEMENT
Edition statement 3rd ed.
260 ## - PUBLICATION, DISTRIBUTION, ETC. (IMPRINT)
Place of publication, distribution, etc New Delhi
Name of publisher, distributor, etc SAGE Publications
Date of publication, distribution, etc 2016
270 ## - ADDRESS
Address B1/1-1Mohan Coopertive Industrial Area,Mathura Road
City New Delhi
Postal code 110044
300 ## - PHYSICAL DESCRIPTION
Extent x,344p. :
Other physical details ill.
Dimensions 21cm(pbk)
500 ## - GENERAL NOTE
General note Includes index
942 ## - ADDED ENTRY ELEMENTS (KOHA)
Source of classification or shelving scheme Dewey Decimal Classification
Item type English Books
Classification part 658.4012
Call number suffix SAN
Holdings
Withdrawn status Lost status Not for loan Collection code Home library Current library Date acquired Source of acquisition Cost, normal purchase price Full call number Barcode Copy number Cost, replacement price Koha item type
    Not For Loan Non-fiction D.B.Act.Division Bawana 11/11/2016 DBAD/PUB 550.00 658.4012 SAN EN-100059 1 550.00 English Books

© Delhi Public Library
Hit Counter
free hit counter